000 00331nam a2200121Ia 4500
008 220901s9999||||xx |||||||||||||| ||und||
082 _a005.74 SRI
100 _aSrinath, Manorama
245 0 _aIndian Journal of computing technology
250 _aVol. 2 Issue No. 1 & 2
260 _bIROFIS
_c2007
650 _aComputing technology
999 _c193447
_d193447